Lakossági jelzáloghitelezés a Budapest Bank gyakorlatában

Bibliographic Details
Main Author: Czvetkó Bettina
Other Authors: Antalóczy Dr. Katalin
Format: Thesis
Kulcsszavak:Lakossági
Jelzáloghitelezés
Kereskedelmi bankok
Online Access:http://dolgozattar.uni-bge.hu/5148

MARC

LEADER 00000nta a2200000 i 4500
001 dolg5148
005 20161109115140.0
008 160502suuuu hu om 000 hun d
040 |a BGE Dolgozattár Repozitórium  |b hun 
041 |a hu 
100 1 |a Czvetkó Bettina 
245 1 0 |a Lakossági jelzáloghitelezés a Budapest Bank gyakorlatában  |c Czvetkó Bettina  |h [elektronikus dokumentum] 
246 1 1 |a Lakossági jelzáloghitelezés a Budapest Bank gyakorlatában 
695 |a Lakossági 
695 |a Jelzáloghitelezés 
695 |a Kereskedelmi bankok 
700 1 |a Antalóczy Dr. Katalin  |e ths 
856 4 0 |u http://dolgozattar.uni-bge.hu/5148/1/Lakoss%C3%A1gi%20jelz%C3%A1loghitelez%C3%A9s%20a%20Budapest%20Bank%20gyakorlat%C3%A1ban.pdf  |z Dokumentum-elérés 
856 4 0 |u http://dolgozattar.uni-bge.hu/5148/12/HivatalosBejegyzes.pdf  |z Dokumentum-elérés